00435nam a2200157Ia 4500999001700000003000400017005001700021008004100038040001800079082001900097100002200116245004600138260004000184300000900224942004400233 c17512d17512OSt20200606120041.0190216s9999||||xx |||||||||||||| ||und|| cMESKC library a891.432bKUM/H aKumar, Vinay9158 0aHindi Ke Samasya Natak /cDr. Vinay Kumar bNilam Prakashan,aAllahabad :c1967 a547p cBK2ddch891.432iKUM/Hk891.432mKUM/H